| 000 | 00718nam a22002417a 4500 | ||
|---|---|---|---|
| 001 | 50548 | ||
| 003 | BD-RjUL | ||
| 005 | 20211209075527.0 | ||
| 008 | 160827b19611960enk||||| |||| 00| 0 eng d | ||
| 035 | _a(BD-RjUL) 50668 | ||
| 040 |
_aBD-RjUL _beng _cBD-RjUL _dBD-RjUL |
||
| 041 | _aeng | ||
| 082 |
_223 _a458.242 _bDUI 1961 |
||
| 100 |
_aDuff, Charles _9151412 |
||
| 245 |
_aItalian for beginners / _cCharles Duff |
||
| 250 | _a2nd ed (Revised) | ||
| 260 |
_aNew York : _bBarnes & Noble, _c1960 [Reprinted 1961] |
||
| 300 |
_axvi,376p. : _bill. ; _c19 cm. |
||
| 490 | _aEveryday handbooks, no. 214. | ||
| 650 |
_aItalian language _vGrammar. _9151413 |
||
| 856 | _3Everyday handbooks, no. 214. | ||
| 942 |
_2ddc _cBK |
||
| 999 |
_c50548 _d50548 |
||